A quiz about Me (Copy) Stats

 Plays Quiz not verified by Sporcle

Challenge
Share
Tweet
Score 0/10 Timer 10:00
0 Plays Today
hint thing about me % Correct
First letterM
97.4%
Last LetterE
97.4%
Number of letterstwo
97.4%
Number of syllablesone
97.4%
typed backwardsem
92.3%
correct spellingme
92.3%
What is the product of m*e?me
92.3%
French translationmoi
69.2%
Part of speechPronoun
66.7%
Solfa note homophonemi
64.1%

You're not logged in!

Compare scores with friends on all Sporcle quizzes.
Join for Free
OR
Log In

You Might Also Like...

Show Comments

Extras

Created Mar 27, 2015ReportNominate
Tags:copy

Top Quizzes Today


Score Distribution

Your Account Isn't Verified!

In order to create a playlist on Sporcle, you need to verify the email address you used during registration. Go to your Sporcle Settings to finish the process.

Report this User

Report this user for behavior that violates our Community Guidelines.

Details: